Statistical inference under order restrictions : the theory and application of isotonic regression /
Guardado en:
| Otros Autores: | |
|---|---|
| Formato: | Libro |
| Idioma: | English |
| Publicado: |
London :
Wiley,
c1972.
|
| Series: | Wiley series in probability and mathematical statistics
|
| Materias: | |
| Etiquetas: |
Agregar Etiqueta
Sin Etiquetas, Sea el primero en etiquetar este registro!
|
| LEADER | 00794cam a2200229 a 4500 | ||
|---|---|---|---|
| 001 | MAT.inmabb004651 | ||
| 008 | 730207s1972####enk######b####001#0#eng## | ||
| 005 | 20150320165231.0 | ||
| 245 | 0 | 0 | |a Statistical inference under order restrictions : |b the theory and application of isotonic regression / |c R. E. Barlow ... [et al.]. |
| 260 | |a London : |b Wiley, |c c1972. | ||
| 300 | |a xii, 388 p. ; |c 24 cm. | ||
| 440 | 0 | |a Wiley series in probability and mathematical statistics | |
| 504 | |a Bibliografía: p. 365-377. | ||
| 510 | 4 | |a MR, |c 48 #5229 | |
| 020 | |a 0471049700 | ||
| 700 | 1 | |a Barlow, Richard E. | |
| 650 | 0 | |a Order statistics. | |
| 650 | 0 | |a Regression analysis. | |
| 084 | |a 62Fxx (62Gxx 62Jxx) |2 msc2000 | ||
| 010 | |a 74039231 | ||
| 040 | |a DLC |c DLC |d DLC | ||
| 859 | |h 62 |i B258 |p A-4216 |b BIB. MATEMATICA | ||
